Gulliver's travels

Guardat en:
Dades bibliogràfiques
Autor principal: J Swift
Format: Llibre
Idioma:Undetermined
Publicat: New York Everyman's Library 1991
Matèries:
Etiquetes: Afegir etiqueta
Sense etiquetes, Sigues el primer a etiquetar aquest registre!
Thư viện lưu trữ: Trung tâm Học liệu Trường Đại học Cần Thơ
LEADER 00441nam a2200169Ia 4500
001 CTU_12492
008 210402s9999 xx 000 0 und d
082 |a 828.9915 
082 |b S977 
100 |a J Swift 
245 0 |a Gulliver's travels 
245 0 |c J Swift 
260 |a New York 
260 |b Everyman's Library 
260 |c 1991 
650 |a english fiction - 17th century 
980 |a Trung tâm Học liệu Trường Đại học Cần Thơ